A Szovjetunió Kommunista Pártja történetét tanulmányozó tanulókörök és propagandistaszemináriumok tanterve

Bibliographic Details
Format: Book
Language:Hungarian
PhysicalDescription:29, [2] s. 22 cm
Published: [Bratislava] SzKP Központi Bizottságának propaganda és agitációs osztálya [1953]
Series:Az 1953-1954 pártoktatási év
Subjects:

MARC

LEADER 00000nam a2200000 a 4500
001 vtls008362046
003 SK-MaSNL
005 20260301020732.0
008 230403s1953 xo hun
015 |a SKSNBA19191938-011899 
035 |a SK01SNKBKSFS20010054263 
035 |a urn:nbn:sk:snk-am3iijk 
035 |a 35A7503C-1C91-409B-9E9C-714B409293F2 
035 |a urn:nbn:sk:snk-am00ekmy 
035 |a SKM000056726 
040 |a SNK  |b slo  |c SNK  |e AACR2 
041 0 |a hun 
044 |a xo  |c SK 
080 |a 947  |2 1981 
080 |a 329  |2 1981 
245 0 0 |a A Szovjetunió Kommunista Pártja történetét tanulmányozó tanulókörök és propagandistaszemináriumok tanterve 
260 |a [Bratislava]  |b SzKP Központi Bizottságának propaganda és agitációs osztálya  |c [1953]  |e Bratislava  |f Pravda 
300 |a 29, [2] s.  |c 22 cm 
366 |e 700 kusov 
490 1 |a Az 1953-1954 pártoktatási év 
500 |a Ob. tit. 
504 |a Doporučená literatúra pre každú tému 
610 2 7 |a Kommunističeskaja partija Sovetskogo Sojuza  |2 SNKKA  |9 50548 
655 7 |a monografie  |2 SNKPH  |9 70139 
830 0 |a Az 1953-1954 pártoktatási év  |9 308606 
852 |a Slovenská národná knižnica 
954 |a odborná, vedecká literatúra cudzojazyčná (svetová)  |2 lita 
958 |a RK 
958 |a TL 
958 |a OND 
958 |a EUIPO 
999 |c 563661  |d 565591 
952 |a SNK  |b SNK  |y PREZ  |7 0  |p 17A0760464  |o snkSC 5075  |i snk1869/54  |0 0  |1 0  |4 0  |d 2019-03-14  |f 1  |l 0  |r 2025-07-04 00:00:00  |w 2026-02-23